Statistics for General Knowledge Quiz #162

Click here to take the quiz!

General Stats

  • This quiz has been taken 46,194 times
    (23,037 since last reset)
  • The average score is 12 of 20

Answer Stats

QuestionAnswer% Correct
What are the two most populous cities on the Nile river?Cairo
89%
What is the Spanish word for water?Agua
84%
What is it considered bad luck to walk underneath?Ladder
81%
What actor has a name that's something like Bandersnatch Cummerbund?Benedict Cumberbatch
78%
What legendary creature of Norse mythology resembles a giant squid?Kraken
74%
In 1493 Pope Alexander VI divided the New World, giving half of it to Spain.
Which country received the other half?
Portugal
73%
In what part of the body would you find a hammer, anvil, and stirrup?Ear
70%
What pseudoscience tries to explain human events by the movements
of the planets and constellations?
Astrology
69%
What well-known movie was inspired by the real-life Von Trapp family?The Sound of Music
65%
What conqueror killed or displaced up to 90% of the population of Persia in the 1200s?Genghis Khan
61%
What movie series featured a messy poltergeist named Slimer?Ghostbusters
61%
What is the world's largest Arabic language news network?Al Jazeera
60%
What country has de-facto control over most of the disputed territory Western Sahara?Morocco
59%
What neutral country was invaded by Germany in 1914 and again in 1940? Belgium
52%
What monarch was known as the "Sun King"?Louis XIV
49%
What type of printers use "toner"?Laser Printers
47%
What is the name for a plant that lives longer than an annual or biennial?Perennial
42%
What car part has largely been made obsolete by fuel injection?Carburetor
33%
What type of corporal punishment is used in Singapore?Caning
32%
What are the two most populous cities on the Nile river?Khartoum
32%

Score Distribution

Percentile by Number Answered

Percent of People with Each Score

Your Score History

You have not taken this quiz since the last reset